| 000 | 00980cam a22003131 4500 | ||
|---|---|---|---|
| 001 | 10141802 | ||
| 003 | BD-DhUL | ||
| 005 | 20170208164555.0 | ||
| 008 | 740411s1890 enk 000 0 eng | ||
| 010 | _a 26026892 | ||
| 035 | _a(OCoLC)854717 | ||
| 040 |
_aDLC _cOTifH _dOCoLC _dDLC _dBD-DhUL |
||
| 050 | 0 | 0 |
_aPZ3.R396 _bC9 _aPR3664.C4 |
| 082 |
_a823.61 _bRIC |
||
| 100 | 1 |
_aRichardson, Samuel, _d1689-1761. |
|
| 245 | 1 | 0 |
_aClarissa Harlowe / _c Samuel Richardson. |
| 250 |
_aA new and abridged ed. _bby Mrs. Ward. |
||
| 260 |
_aLondon : _aNew York ; _bG. Routledge , _c[1890?] |
||
| 300 |
_aiv, 460 p. _c19 cm. |
||
| 650 | 0 |
_aYoung women _xCrimes against _vFiction. |
|
| 650 | 0 |
_aConflict of generations _vFiction. |
|
| 650 | 0 |
_aKidnapping victims _vFiction. |
|
| 650 | 0 |
_aRape victims _vFiction. |
|
| 651 | 0 |
_aEngland _vFiction. |
|
| 655 | 7 |
_aPsychological fiction. _2lcsh |
|
| 655 | 7 |
_aEpistolary fiction. _2gsafd |
|
| 700 | 1 |
_aWard, Harriet, _eed. |
|
| 942 |
_2ddc _cBK |
||
| 999 |
_c156734 _d156734 |
||